Preventing A crisis: AIDS and family planning/ (Record no. 818)

MARC details
000 -LEADER
fixed length control field 00609nam a22002057a 4500
003 - CONTROL NUMBER IDENTIFIER
control field OSt
005 - DATE AND TIME OF LATEST TRANSACTION
control field 20141215140709.0
008 - FIXED-LENGTH DATA ELEMENTS--GENERAL INFORMATION
fixed length control field 141215b xxu||||| |||| 00| 0 eng d
020 ## - INTERNATIONAL STANDARD BOOK NUMBER
International Standard Book Number 0333517210
040 ## - CATALOGING SOURCE
Transcribing agency DNLM
082 ## - DEWEY DECIMAL CLASSIFICATION NUMBER
Classification number QW 551 G655p 1989
100 ## - MAIN ENTRY--PERSONAL NAME
Personal name Gordon Gill
9 (RLIN) 2214
245 ## - TITLE STATEMENT
Title Preventing A crisis: AIDS and family planning/
Statement of responsibility, etc. Gill Gordon & Tony Klouda
260 ## - PUBLICATION, DISTRIBUTION, ETC. (IMPRINT)
Place of publication, distribution, etc. London :
Name of publisher, distributor, etc. MacMillan Publishers;
Date of publication, distribution, etc. 1989.
300 ## - PHYSICAL DESCRIPTION
Extent viii, 192 p :
Other physical details ill ;
Dimensions 29 cm.
504 ## - BIBLIOGRAPHY, ETC. NOTE
Bibliography, etc Includes questions and Answers.
650 ## - SUBJECT ADDED ENTRY--TOPICAL TERM
Topical term or geographic name as entry element Aids and family planning
9 (RLIN) 2215
700 ## - ADDED ENTRY--PERSONAL NAME
Personal name Klouda Tony
9 (RLIN) 2216
942 ## - ADDED ENTRY ELEMENTS (KOHA)
Source of classification or shelving scheme Other/Generic Classification Scheme
Koha item type Short Loan
Holdings
Withdrawn status Lost status Source of classification or shelving scheme Damaged status Not for loan Home library Current library Date acquired Source of acquisition Inventory number Total Checkouts Full call number Barcode Date last seen Price effective from Koha item type
    Other/Generic Classification Scheme     MUST Main Library MUST Main Library 15/12/2014   2335   QW 551 G655p 1989 2014-3447 15/12/2014 15/12/2014 Short Loan
    Other/Generic Classification Scheme     MUST Main Library MUST Main Library 24/06/2016   2536   QW 551 G655p 1989 2016-2683 24/06/2016 24/06/2016 Short Loan